000 00887naa a2200229 c 4500
001 47738
003 ES-MaCES
005 20160608101343.0
008 160608s2016 sp ||||| t||||||| ||spa d
040 _aES-MaCES
_bspa
_cES-MaCES
_dES-MaCES
100 1 _913963
_aGorelli Hernández, Juan
245 1 3 _aEl servicio público de empleo estatal
_cJuan Gorelli Hernández
650 4 _928300
_apolítica de empleo
650 4 _927230
_aservicios públicos
650 4 _928311
_aservicio de empleo
650 4 _928292
_amercado de trabajo
650 4 _927214
_aadministración pública
653 1 0 _aEmpleo
773 0 _984673
_dSevilla Consejo Andaluz de Relaciones Laborales [2016]
_o087574
_tLa política y el Derecho del empleo en la nueva sociedad del trabajo
_w(ES-MaCES)47679
_z9788460858188
_gp.436-450 . - SG-2.1.-78
902 _aARL Artículo de libro
942 _2CES
_cAR
_h2.0.
999 _c47738
_d47738